000 00901nam a22002057a 4500
003 JO-AjAnu
005 20241019102629.0
008 241019b jo ||||| |||| 00| 0 ara d
020 _a9789933221003
040 _aJO-AjAnu
_bara
_cJO-AjAnu
_dJO-AjAnu
_erda
041 _aara
_hara
050 _aS675.
_bM87 2018
100 1 _aموصللي، حسين
_eمؤلف
_966282
245 0 _aالدليل التطبيقي للمهندس الزراعي الى جني واستهلاك وتسويق وتخزين وتصنيع منتجات المزرعة /
_cتاليف حسين موصللي
260 _aدمشق :
_bدار مؤسسة رسلان للطباعة والنشر والتوزيع،
_c2018
300 _a544 صفحة
504 _aيحتوي على مراجع باللغتين العربية والانجليزية
650 7 0 _aالهندسة الزراعية- دليل
_966284
942 _2lcc
_cBK
_n0
999 _c33742
_d33742